''Buffy'' Best Moments Quiz Stats

 Plays Quiz not verified by Sporcle

Challenge
Share
Tweet
Embed
Score 0/24 Timer 10:00
0 Plays Today
Quote Episode % Correct
'Joyce will never have any more fruit punch ever, and she'll never have eggs, or yawn or brush her hair, not ever, and no one will explain to me why.' - AnyaThe Body
89.4%
'I think this line's mostly filler.' - WillowOnce More, With Feeling
89%
'I don't stand for that kind of malarkey in my house!' - TedTed
88.8%
'Whatever. The point is, I haven't broken a sweat. See, in the end, Buffy's just the runner-up. I'm the Queen. You get me mad, what do you think I'm gonna do to you?' - CordeliaHomecoming
80.6%
'I-I like the man with the musket!' - BuffyHalloween
76.6%
'We can work out after school. You know, if you're not too busy having sex with my mother!' - BuffyEarshot
76.2%
'Foamy!' - BuffyBeer Bad
74.5%
'You made a bear!...Undo it! Undo it!' - SpikePangs
72.3%
'Macho, macho man! I want to be a macho man. Macho... Oh, hey, juice!' - BuffyThe Witch
71.5%
'We're family.' - BuffyFamily
69.7%
'You're not special. You're extraordinary.' - XanderPotential
59.2%
'How's that cramp, Spike? Still bothering you?...Maybe you, uh, wanna put some ice on it.' - TaraOlder and Far Away
55.1%
Quote Episode % Correct
'On the plus side, you've killed the bench, which was looking shifty.' - OzLiving Conditions
48.9%
'Learning to love yourself is the greatest love of all.' - CordeliaThe Puppet Show
48.8%
'What you did, for me, and Dawn..that was real.' - BuffyIntervention
48.5%
'Now get off the boy, Buffy. We're going home.' - XanderHim
47.8%
'It's Willow. She wants you real bad.' - JoyceBand Candy
44.7%
'This is gonna be great.' *swig* 'Blaaghh!' - BuffyLife Serial
37.6%
'I knew you'd like it. I found it in a quaint little shopgirl.' - AngelusBewitched, Bothered, and Bewildered
36.2%
'Just stand aside. Here comes the bride...' - AnyaSelfless
34.4%
'You're just a bloody figment, you are. You're just...You. Oh.' - SpikeShowtime
26.6%
'Grace!' - BuffyI Only Have Eyes For You
26.1%
'Well, you were myth-taken.' - BuffyA New Man
25.5%
'And on land!' - SpikeRestless
25.1%

You're not logged in!

Compare scores with friends on all Sporcle quizzes.
OR
Log In

You Might Also Like...

Show Comments

Extras

Top Quizzes Today


Score Distribution

Your Account Isn't Verified!

In order to create a playlist on Sporcle, you need to verify the email address you used during registration. Go to your Sporcle Settings to finish the process.

Report this User

Report this user for behavior that violates our Community Guidelines.

Details: